|
|
|
|
| LEADER |
00000nam a2200000 a 4500 |
| 001 |
vtls001115216 |
| 003 |
SK-MaSNL |
| 005 |
20260413115243.0 |
| 008 |
250414s1978 xo 0 slo |
| 015 |
|
|
|a SNBA1979
|
| 035 |
|
|
|a SNK000058059
|
| 040 |
|
|
|a SNK
|b slo
|c SNK
|e AACR2
|
| 041 |
0 |
|
|a slo
|
| 044 |
|
|
|a xo
|c SK
|
| 080 |
|
|
|a 820-3
|2 1981
|
| 100 |
1 |
|
|a Chase, James Hadley,
|d 1906-1985
|4 aut
|9 122676
|
| 245 |
1 |
0 |
|a Kto chytá tigra za chvost
|c James Hadley Chase ; Hviezdoslav Herman, Vladislav Rostoka
|
| 260 |
|
|
|a Bratislava
|b Smena
|c 1978
|e Bratislava
|f Pravda
|
| 300 |
|
|
|a 224 s., 14,12 AH
|c 20 cm
|
| 366 |
|
|
|e 42000 výtl.
|
| 490 |
0 |
|
|a Labyrint
|v Zv. 71.
|
| 500 |
|
|
|a Ilustr. na front. a predsádkach.
|
| 700 |
1 |
|
|a Herman, Hviezdoslav,
|d 1951-
|4 trl
|9 118980
|
| 700 |
1 |
|
|a Rostoka, Vladislav,
|d 1948-
|4 bkd
|9 220020
|
| 852 |
|
|
|a Slovenská národná knižnica
|
| 954 |
|
|
|a romány kriminálne
|
| 954 |
|
|
|a mesto americké
|a mafia mestská
|a zločinnosť
|
| 958 |
|
|
|a LX
|
| 958 |
|
|
|a TL
|
| 958 |
|
|
|a UP
|
| 958 |
|
|
|a OND
|
| 999 |
|
|
|c 613207
|d 615137
|
| 952 |
|
|
|t P60, <05>, [BOOK], {605}
|a SNK
|b SNK
|y PREZ
|7 0
|p 17A0137589
|o snkSD 48719 D1
|0 0
|1 0
|4 0
|d 1998-05-04
|l 0
|r 2004-12-31 00:00:00
|w 2026-02-23
|